000 00505cam a2200145 4500500
005 20251012021548.0
041 _afre
042 _adc
100 1 0 _aSalin, Dominique
_eauthor
245 0 0 _aJean-Marie Gueullette, LA SPIRITUALITÉ EST AMÉRICAINE Éditions du Cerf, 2021, 224 p., 16 €.
260 _c2022.
500 _a16
786 0 _nChristus | º276 | 4 | 2022-10-01 | p. 120a-121 | 0009-5834
856 4 1 _uhttps://shs.cairn.info/revue-christus-2022-4-page-120?lang=fr&redirect-ssocas=7080
999 _c1538711
_d1538711